[Event "DVM U12 2013"]
[Site "Lichtenfels-Schney GER"]
[Date "2013.12.30"]
[Round "7"]
[White "Riemann, Jonas"]
[Black "Lieberwirth, Kasimir"]
[Result "0-1"]
[Termination "normal"]
[Board "8.2"]
[WhiteElo "1200"]
[BlackElo "1457"]
[WhiteTeam "SK Bickenbach"]
[BlackTeam "SG Turm Leipzig"]
[WhiteFideId "12977462"]
[BlackFideId "12988146"]
[EventCountry "GER"]
[EventRounds "7"]
[EventType "team-swiss"]
[EventDate "2013.12.26"]

1. e4 c5 2. Nf3 Nc6 3. d4 cxd4 4. Nxd4 e5 5. Nxc6 bxc6 6. Nc3 Nf6 7. Bc4 Bb4 8.
Qd3 O-O 9. O-O Bb7 10. Bd2 Bxc3 11. Bxc3 d5 12. exd5 cxd5 13. Bb5 Qc7 14. Rfe1
Ne4 15. Bb4 Rfd8 16. Qa3 Qb6 17. Bd3 Nxf2 18. Bc5 Nxd3 19. Bxb6 Nxe1 20. Qc3
axb6 21. Qxe1 f6 22. Qb4 d4 23. Qxb6 Be4 24. Qb3+ Bd5 25. Qd3 Rdb8 26. b3 Ra3
27. Kf2 Re8 28. Kg1 Rc8 29. Qd2 Rc3 30. Qe2 Rc5 31. Qd2 Rc3 32. Qe2 Ra5 33. Qh5
g6 34. Qe2 Rac5 35. Qf2 Kg7 36. Rf1 f5 37. Qe2 Be4 38. Qa6 Rxc2 39. Rf2 Rxf2
40. Kxf2 Rc2+ 41. Ke1 d3 42. Qa7+ Kh6 43. Qe3+ g5 44. h4 Re2+ 45. Qxe2 dxe2 46.
Kxe2 Bxg2 47. hxg5+ Kxg5 48. a4 f4 49. b4 Kf6 50. b5 Ke6 51. a5 Kd6 52. Kf2 Ba8
53. b6 Kc5 54. b7 Bxb7 55. a6 Bxa6 56. Kf3 Bb7+ 57. Kf2 Kd4 58. Ke2 f3+ 59. Kf2
Kd3 60. Kf1 Ke3 61. Kg1 f2+ 62. Kf1 Ba6+ 63. Kg2 f1=Q+ 64. Kg3 Qf3+ 65. Kh4 Qg2
66. Kh5 Qg3 67. Kh6 Qg6# 0-1

[Event "DVM U12 2013"]
[Site "Lichtenfels-Schney GER"]
[Date "2013.12.30"]
[Round "7"]
[White "Kreicarek, Tobias"]
[Black "Wenzel, Calvin"]
[Result "0-1"]
[Termination "normal"]
[Board "8.3"]
[WhiteElo "1337"]
[BlackElo "1056"]
[WhiteTeam "SG Turm Leipzig"]
[BlackTeam "SK Bickenbach"]
[WhiteFideId "16255909"]
[BlackFideId "12973920"]
[EventCountry "GER"]
[EventRounds "7"]
[EventType "team-swiss"]
[EventDate "2013.12.26"]

1. e4 e5 2. Nf3 Nc6 3. Bc4 Bc5 4. d3 Nf6 5. c3 O-O 6. b4 Bb6 7. a4 a6 8. a5 Ba7
9. Bg5 d6 10. O-O Be6 11. Qb3 Qe7 12. Nbd2 Bxc4 13. Qxc4 Qe6 14. Qxe6 fxe6 15.
Bxf6 Rxf6 16. Nc4 Raf8 17. Ne3 Bxe3 18. fxe3 d5 19. exd5 exd5 20. d4 e4 21. Ne5
Rxf1+ 22. Rxf1 Rxf1+ 23. Kxf1 Nxe5 24. dxe5 Kf7 25. Ke2 Ke6 26. Kd2 Kxe5 27.
Kc2 g6 28. Kb3 h6 29. Kc2 Kd6 30. Kb3 c5 31. g3 h5 32. h4 Kc6 33. Kc2 Kb5 34.
Kb3 c4+ 35. Ka3 Kc6 36. Kb2 Kd6 37. Kc2 Ke5 38. Kd2 Kf5 39. Ke2 Kg4 40. Kf2 Kh3
41. Ke2 Kxg3 42. Kd2 Kxh4 43. Kc2 Kg3 44. Kb2 h4 45. Ka3 h3 46. Ka4 h2 47. b5
h1=Q 48. bxa6 Qb1 49. axb7 Qb3# 0-1

[Event "DVM U12 2013"]
[Site "Lichtenfels-Schney GER"]
[Date "2013.12.30"]
[Round "7"]
[White "Bär, Leon David"]
[Black "Hummel, Jeremias"]
[Result "0-1"]
[Termination "normal"]
[Board "8.4"]
[WhiteElo "1051"]
[BlackElo "1237"]
[WhiteTeam "SK Bickenbach"]
[BlackTeam "SG Turm Leipzig"]
[WhiteFideId "16200802"]
[EventCountry "GER"]
[EventRounds "7"]
[EventType "team-swiss"]
[EventDate "2013.12.26"]

1. e4 c5 2. Nf3 d6 3. Bc4 g6 4. Nc3 Bg7 5. d4 cxd4 6. Nxd4 Nc6 7. Be3 Nf6 8.
O-O O-O 9. Qd2 Ng4 10. Nxc6 bxc6 11. f4 c5 12. f5 Nxe3 13. Qxe3 Bd4 14. Qxd4
cxd4 15. fxg6 hxg6 16. Ne2 Qb6 17. Kh1 Qxb2 18. Bb3 d3 19. Nf4 dxc2 20. Nxg6
Ba6 21. Nxe7+ Kh8 22. Rfc1 Bd3 23. Nd5 Rac8 24. h3 Qxa1 25. Rxa1 c1=Q+ 26. Rxc1
Rxc1+ 27. Kh2 Bxe4 28. Nf6 Bb7 29. Nd7 Rd8 30. Nf6 d5 31. h4 d4 32. Ng4 d3 33.
g3 Rc2+ 34. Kh3 Bg2+ 35. Kh2 Bd5+ 36. Bxc2 dxc2 0-1

[Event "DVM U12 2013"]
[Site "Lichtenfels-Schney GER"]
[Date "2013.12.30"]
[Round "7"]
[White "Klein, Sebastian"]
[Black "Mantel, Ruben"]
[Result "1/2-1/2"]
[Termination "normal"]
[Board "9.1"]
[WhiteElo "1331"]
[BlackElo "1645"]
[WhiteTeam "SR Spaichingen"]
[BlackTeam "Spvg Zabo-Eintracht Nürnberg"]
[WhiteFideId "16200845"]
[BlackFideId "12930121"]
[EventCountry "GER"]
[EventRounds "7"]
[EventType "team-swiss"]
[EventDate "2013.12.26"]

1. c4 e6 2. Nc3 d5 3. cxd5 exd5 4. g3 Nf6 5. Bg2 c6 6. d3 Bd6 7. Nf3 O-O 8. Bg5
Bf5 9. O-O Nbd7 10. e4 Bg4 11. Qd2 Bxf3 12. Bxf3 Qa5 13. exd5 cxd5 14. Nxd5
Qxd2 15. Bxd2 Ne5 16. Nxf6+ gxf6 17. Be4 f5 18. Bg2 Nxd3 19. Bc3 Bc5 20. Bf6
Rfe8 21. Rad1 Re6 22. Rxd3 Rxf6 23. Bxb7 Rb8 24. Rb3 Bb6 25. Bf3 Rd8 26. Rb5
Rd2 27. Bd5 f4 28. g4 Rd6 29. Bb3 Kg7 30. Rb4 f3 31. Rc4 Rxb2 32. Rc3 Rf6 33.
Rc2 Rxc2 34. Bxc2 Re6 35. Bd1 Rf6 36. Re1 Rf4 37. h3 Kg6 38. Re5 f6 39. Rf5 Rd4
40. Bxf3 Rd2 41. Bd5 Bxf2+ 1/2-1/2

[Event "DVM U12 2013"]
[Site "Lichtenfels-Schney GER"]
[Date "2013.12.30"]
[Round "7"]
[White "Schrägle, Thorsten"]
[Black "Hildermann, Christopher"]
[Result "1/2-1/2"]
[Termination "normal"]
[Board "9.3"]
[WhiteElo "1271"]
[BlackElo "1028"]
[WhiteTeam "SR Spaichingen"]
[BlackTeam "Spvg Zabo-Eintracht Nürnberg"]
[WhiteFideId "16224248"]
[EventCountry "GER"]
[EventRounds "7"]
[EventType "team-swiss"]
[EventDate "2013.12.26"]

1. e4 e5 2. Nf3 Nc6 3. d4 exd4 4. Nxd4 Nf6 5. Nxc6 bxc6 6. Bd3 Bc5 7. Bg5 h6 8.
Bh4 d6 9. a3 Qe7 10. Qe2 Qe5 11. c3 O-O 12. Nd2 Bg4 13. f3 Bd7 14. Bg3 Qe6 15.
Bf2 Bxf2+ 16. Kxf2 Qe5 17. g3 Rab8 18. Rab1 Qc5+ 19. Qe3 Qxe3+ 20. Kxe3 Rfe8
21. Kf2 c5 22. b4 cxb4 1/2-1/2

[Event "DVM U12 2013"]
[Site "Lichtenfels-Schney GER"]
[Date "2013.12.30"]
[Round "7"]
[White "Hildermann, Richard"]
[Black "Hengstler, Lukas"]
[Result "0-1"]
[Termination "normal"]
[Board "9.4"]
[WhiteElo "983"]
[BlackElo "1014"]
[WhiteTeam "Spvg Zabo-Eintracht Nürnberg"]
[BlackTeam "SR Spaichingen"]
[BlackFideId "16232763"]
[EventCountry "GER"]
[EventRounds "7"]
[EventType "team-swiss"]
[EventDate "2013.12.26"]

1. e4 e5 2. Nf3 Nc6 3. Nc3 Bc5 4. Bc4 Nf6 5. d3 d6 6. O-O O-O 7. Bg5 Be6 8. Bb3
Qe7 9. Qe2 Nd4 10. Nxd4 Bxd4 11. Qd2 h6 12. Be3 Bxe3 13. Qxe3 c6 14. Rad1 d5
15. exd5 cxd5 16. Qe2 Qc5 17. Qxe5 Rfe8 18. Qe2 Bg4 19. Qd2 Bxd1 20. Qxd1 Re6
21. Qf3 Re5 22. Rd1 Rae8 23. d4 Re1+ 24. Rxe1 Rxe1# 0-1

[Event "DVM U12 2013"]
[Site "Lichtenfels-Schney GER"]
[Date "2013.12.30"]
[Round "7"]
[White "Werner, Sebastian"]
[Black "Langenhan, Moritz Benedikt"]
[Result "1-0"]
[Termination "normal"]
[Board "10.2"]
[WhiteElo "1164"]
[BlackElo "1260"]
[WhiteTeam "SV Seubelsdorf"]
[BlackTeam "SG Blau-Weiß Stadtilm"]
[BlackFideId "12976520"]
[EventCountry "GER"]
[EventRounds "7"]
[EventType "team-swiss"]
[EventDate "2013.12.26"]

1. e4 e5 2. Nf3 Nc6 3. d4 exd4 4. Nxd4 Bc5 5. Be3 Qf6 6. c3 Nge7 7. Bc4 O-O 8.
O-O d6 9. f4 Be6 10. Qd3 Bxc4 11. Qxc4 Ng6 12. Kh1 h6 13. Nd2 Na5 14. Qd3 Rad8
15. b4 Bxd4 16. Bxd4 Nxf4 17. Bxf6 Nxd3 18. Bxd8 Rxd8 19. bxa5 d5 20. exd5 Rxd5
21. Nb3 f5 22. Kg1 Kf7 23. Rad1 Nf4 24. Rxd5 Nxd5 25. Rxf5+ Nf6 26. Nc5 b6 27.
axb6 axb6 28. Nd7 Ke6 29. Rf4 Nxd7 30. Kf2 Nc5 31. Ke3 g5 32. Rf1 Na4 33. Kd4
c5+ 34. Kc4 Kd7 35. Kb5 Nxc3+ 36. Kxb6 Kd6 37. Rf6+ Kd5 38. Rxh6 c4 39. h4 g4
40. Rc6 Kd4 41. h5 Nxa2 42. Rxc4+ Kxc4 43. h6 Nc3 44. h7 Nd5+ 45. Kb7 Nf4 46.
h8=Q Nxg2 47. Qg8+ Kd3 {*ersatzweise für den regelwidrigen Zug Kd5} 48. Qxg4
Ne3 49. Qf3 Kd4 50. Kc6 Nc4 51. Qd5+ Kc3 52. Kc5 Nb2 53. Qd4+ Kc2 54. Kb4 Nd1
55. Qc4+ Kd2 56. Qb3 Ke2 57. Kc4 Ne3+ 58. Kd4 Nf5+ 59. Ke5 Ne3 60. Ke4 Nd1 61.
Qf3+ Kd2 62. Qd3+ Ke1 63. Qc2 Nf2+ 64. Kf3 Nd3 65. Qe2# 1-0

[Event "DVM U12 2013"]
[Site "Lichtenfels-Schney GER"]
[Date "2013.12.30"]
[Round "7"]
[White "Helm, Stephan"]
[Black "Kolb, Tobias"]
[Result "0-1"]
[Termination "normal"]
[Board "10.3"]
[WhiteElo "1050"]
[BlackElo "937"]
[WhiteTeam "SG Blau-Weiß Stadtilm"]
[BlackTeam "SV Seubelsdorf"]
[BlackFideId "12992321"]
[EventCountry "GER"]
[EventRounds "7"]
[EventType "team-swiss"]
[EventDate "2013.12.26"]

1. e4 e6 2. d3 d5 3. Nd2 Nf6 4. e5 Nfd7 5. d4 c5 6. Ngf3 cxd4 7. Nxd4 Nxe5 8.
g3 Bc5 9. N2b3 Bxd4 10. Nxd4 Nbc6 11. Nxc6 Nxc6 12. Bg2 Qa5+ 13. Bd2 Qb6 14.
Rb1 Qa6 15. a3 O-O 16. Bf1 Qa4 17. Bg2 Qa6 18. Bf1 Qa4 19. Be2 Qe4 20. O-O Nd4
21. f3 Qxe2 22. Qxe2 Nxe2+ 23. Kf2 Nd4 24. c3 Nb3 25. Be3 b6 26. Rbd1 Ba6 27.
Rg1 Rfd8 28. g4 e5 29. h4 d4 30. cxd4 Nxd4 31. f4 Ne2 32. Rge1 Rxd1 33. Rxd1
Nxf4 34. Bxf4 exf4 35. Kf3 h6 36. Kxf4 Rc8 37. g5 Rc4+ 38. Kg3 hxg5 39. hxg5 f6
40. g6 Kf8 41. Rd7 Bc8 42. Rxa7 Be6 43. Rb7 Rg4+ 44. Kf3 Bd5+ 45. Kxg4 Bxb7 46.
Kf4 Ke7 47. Ke3 Kd6 48. Kd4 Bc6 49. Ke3 Be8 0-1

[Event "DVM U12 2013"]
[Site "Lichtenfels-Schney GER"]
[Date "2013.12.30"]
[Round "7"]
[White "Wiemann, Vanessa"]
[Black "Siptroth, Fabius"]
[Result "1-0"]
[Termination "normal"]
[Board "10.4"]
[WhiteElo "977"]
[BlackElo "881"]
[WhiteTeam "SV Seubelsdorf"]
[BlackTeam "SG Blau-Weiß Stadtilm"]
[WhiteFideId "12942987"]
[EventCountry "GER"]
[EventRounds "7"]
[EventType "team-swiss"]
[EventDate "2013.12.26"]

1. e4 e5 2. Nf3 Nc6 3. Bc4 Bc5 4. c3 Nf6 5. d4 exd4 6. cxd4 Bb4+ 7. Bd2 Bxd2+
8. Nbxd2 d5 9. exd5 Nxd5 10. Qe2+ Nce7 11. O-O Bf5 12. Rfe1 Qd7 13. Bxd5 O-O
14. Qxe7 Qxd5 15. Re5 Qxe5 16. Qxe5 Bg6 17. Ne4 Rfe8 18. Qxc7 Bxe4 19. Re1 b6
20. Ng5 Bd5 21. Rxe8+ Rxe8 22. h3 h6 23. Qd7 Re1+ 24. Kh2 hxg5 25. Qxd5 Re2 26.
Qxg5 Rxf2 27. Qd8+ Kh7 28. Qh4+ Kg8 29. Qxf2 Kf8 30. Qd2 Ke7 31. d5 Kd6 32. Kg3
f6 33. Kf4 g5+ 34. Kf5 g4 35. hxg4 a5 36. Ke4 a4 37. Qf4+ Kd7 38. Qxf6 b5 39.
d6 b4 40. Qe7+ Kc6 41. d7 1-0